000 01048njm a22003017a 4500
005 20100920153643.0
007 sd ammalaaahaa
008 100913t xxu||||| |||| 00| 0 hin d
028 _a2394. 875
_bMusic India
035 _aGR-04410
040 _aSED/VEN
100 _919606
_aShobha Gurtu
245 _aDaman-e-ghazal part 1 & 2 /
_h[sound recording] :
_cby Shobha Gurtu
246 _aदमन-इ-ग़ज़ल (शोभा गुर्टू)
260 _aDum Dum, India
_bMusic India
_c1987
300 _a1 sound disc [Gramophone record] :
_banalog, 33 1/3 rpm
_c12 in. (LP)
_fGramophone record
500 _aBrief record.
500 _aMusic India
500 _aOff white
505 _aGarmiye hasrate na kam se jal jaten hai, Gale laga hai wo maste shabab barson men
650 _aClassical Music
_xExcerpts
_zIndia
_919607
_vFilmi Song
700 _91184
700 _920675
700 _919643
700 _919690
942 _2ddc
_cGR
999 _c47105
_d47105